000 00359nam a2200145Ia 4500
008 230917s9999||||xx |||||||||||||| ||und||
040 _e145064
_aMAIN
041 _aEnglish
082 _a940.28 M 278E
100 _aMahajan, Sneh
245 0 _aEurope ka itihas 1870-1914
260 _aDelhi
_bPragati Publications
_c1981
300 _a290p p.
942 _cBK
999 _c222085
_d222085